England National Team All-Time XI - Statistics

General Stats
  • This quiz has been taken 261 times
  • The average score is 7 of 13
Answer Stats
Position Period Player % Correct
12th player 2003-18 Wayne Rooney
86%
MF 1958-70 Bobby Charlton
83%
MF 1996-2009 David Beckham
78%
DF 2001-14 Ashley Cole
76%
DF 1962-73 Bobby Moore
76%
DF 1995-2007 Gary Neville
65%
GK 1963-72 Gordon Banks
60%
FW 1984-92 Gary Lineker
59%
FW 1972-82 Kevin Keegan
27%
FW 1959-67 Jimmy Greaves
23%
Coach 1963-74 Alf Ramsey
21%
DF 1946-59 Billy Wright
18%
MF 1954-58 Duncan Edwards
10%
No matching quizzes found
Score Distribution
Percent of People with Each Score
Percentile by Number Answered
Your Score History
You have not taken this quiz